A Horse Called Music (Record n. 99845)

Dettagli MARC
000 -LEADER
fixed length control field 02223njm a2200421Ia 4500
001 - CONTROL NUMBER
control field 83476
003 - CONTROL NUMBER IDENTIFIER
control field IT-RoPAU
005 - DATE AND TIME OF LATEST TRANSACTION
control field 20220918181122.0
008 - FIXED-LENGTH DATA ELEMENTS--GENERAL INFORMATION
fixed length control field 131025s9999 xx 000 0 und d
040 ## - CATALOGING SOURCE
Original cataloging agency IT-RoPAU
040 ## - CATALOGING SOURCE
Transcribing agency IT-RoPAU
999 ## - SYSTEM CONTROL NUMBERS (KOHA)
Koha Dewey Subclass [OBSOLETE] n.d.
100 ## - MAIN ENTRY--PERSONAL NAME
Personal name AA.VV.
9 (RLIN) 794
100 ## - MAIN ENTRY--PERSONAL NAME
Relator term Autore musica
9 (RLIN) 26264
100 ## - MAIN ENTRY--PERSONAL NAME
Miscellaneous information Codice autore musica SPICS: 12000
9 (RLIN) 796
245 #2 - TITLE STATEMENT
Title A Horse Called Music
250 ## - EDITION STATEMENT
Edition statement 1a ed.
260 ## - PUBLICATION, DISTRIBUTION, ETC. (IMPRINT)
Place of publication, distribution, etc. HOLLAND
260 ## - PUBLICATION, DISTRIBUTION, ETC. (IMPRINT)
Name of publisher, distributor, etc. CBS
Date of publication, distribution, etc. 1989 [1a Ed.:1989 - Ed. Lingua Orig.: 1989]
300 ## - PHYSICAL DESCRIPTION
Extent DISCO
300 ## - PHYSICAL DESCRIPTION
Dimensions 39 minuti (Testo: 0 pag.)
500 ## - GENERAL NOTE
General note Musica strumentale
505 ## - FORMATTED CONTENTS NOTE
Formatted contents note Nothing I Can Do About It Now (4:00) - The Highway (4:00) - I Never Cared For You (3:00) - If I Were A Painting (4:00) - Spirit (5:00) - There You Are (4:00) - Mr. Record Man (3:00) - If My World Didn't Have You (4:00) - A Horse Called Music (5:00) - Is the Better Part Over (4:00)
650 ## - SUBJECT ADDED ENTRY--TOPICAL TERM
Topical term or geographic name as entry element STRUMENTALE [DISCHI]
Relator term Codice MATERIA SPICS: 9950
9 (RLIN) 828
700 ## - ADDED ENTRY--PERSONAL NAME
Personal name Nelson Willie
Miscellaneous information Codice interprete SPICS: 28598
Relator term Interprete
9 (RLIN) 26265
700 ## - ADDED ENTRY--PERSONAL NAME
Personal name Chapman B.N.
Miscellaneous information Codice autore musica SPICS: 29328
Relator term Autore musica
Name of part/section of a work Nothing I Can Do About It Now - If My World Didn't Have You
9 (RLIN) 26266
700 ## - ADDED ENTRY--PERSONAL NAME
Personal name Conners T.
Miscellaneous information Codice autore musica SPICS: 29329
Relator term Autore musica
Name of part/section of a work The Highway
9 (RLIN) 26267
700 ## - ADDED ENTRY--PERSONAL NAME
Personal name Wesley R.
Miscellaneous information Codice autore SPICS: 29330
Relator term Autore
Name of part/section of a work The Highway
9 (RLIN) 26268
700 ## - ADDED ENTRY--PERSONAL NAME
Personal name Nelson Willie
Miscellaneous information Codice autore musica SPICS: 28598
Relator term Autore musica
Name of part/section of a work I Never Cared For You - Mr. Record Man - Is the Better Part Over
9 (RLIN) 26269
700 ## - ADDED ENTRY--PERSONAL NAME
Personal name Sampson D.
Miscellaneous information Codice autore musica SPICS: 29331
Relator term Autore musica
Name of part/section of a work If I Were A Painting
9 (RLIN) 26270
700 ## - ADDED ENTRY--PERSONAL NAME
Personal name Ewing S.
Miscellaneous information Codice autore SPICS: 29332
Relator term Autore
Name of part/section of a work If I Were A Painting
9 (RLIN) 26271
700 ## - ADDED ENTRY--PERSONAL NAME
Personal name Robbins R.M.
Miscellaneous information Codice autore musica SPICS: 29333
Relator term Autore musica
Name of part/section of a work Spirit
9 (RLIN) 26272
700 ## - ADDED ENTRY--PERSONAL NAME
Personal name Robinson W.
Miscellaneous information Codice autore SPICS: 29334
Relator term Autore
Name of part/section of a work Spirit
9 (RLIN) 26273
700 ## - ADDED ENTRY--PERSONAL NAME
Personal name Reid M.
Miscellaneous information Codice autore musica SPICS: 29335
Relator term Autore musica
Name of part/section of a work There You Are
9 (RLIN) 26274
700 ## - ADDED ENTRY--PERSONAL NAME
Personal name Fleming K.
Miscellaneous information Codice autore SPICS: 29336
Relator term Autore
Name of part/section of a work There You Are
9 (RLIN) 26275
700 ## - ADDED ENTRY--PERSONAL NAME
Personal name Carson W.
Miscellaneous information Codice autore musica SPICS: 29337
Relator term Autore musica
Name of part/section of a work A Horse Called Music
9 (RLIN) 26276
942 ## - ADDED ENTRY ELEMENTS (KOHA)
Koha item type DISCHI
Source of classification or shelving scheme Dewey Decimal Classification
Dati di copia
Withdrawn status Lost status Damaged status Not for loan Home library Current library Date acquired Total Checkouts Full call number Date last seen Price effective from Koha item type Public note
    Buone Condizioni Not For Loan SPICS-MEDIATECA SPICS-MEDIATECA 25/10/2013   83476 25/10/2013 25/10/2013 DISCHI Progr. Ins.: 21033 / N.Vol.: 1 / Copie: 1 - Copia rara: n.d. / date import: 01.01.2014 - By Epidotti, Trombetti, Vaglietti
CREDITS: SOCIETA' SAN PAOLO Via A.Severo, 58 - ROMA (RM) & PERIODICI SAN PAOLO SRL Via Giotto, 36 MILANO & CISF Via Giotto, 36 MILANO & EDIZIONI SAN PAOLO SRL,  Piazza Soncino, 5 CINISELLO BALSAMO (MI) -- ITALY